=LDR 00000nam 2200000 4500 =001 NUTBA000000000004313 =005 20140911084625.0 =006 =007 =008 =020 ##$$a 978-979-29-2412-1 =035 ##$$a 0010-091400000000346 =040 ##$$a NBPDMAT =082 ##$$a 371.26 =084 ##$$a 371.26 Agu b =100 ##$$a Agus Kamaludin =245 ##$$a Buku Saku sakti UAN SMP (fisika,biologi,Kimia,) / $c Penyusun Agus Kamaludin =250 ##$$a Cet. 1 =260 ##$$a Yogyakarta : $b Andi, $c 2011 =300 ##$$a 346 hlm. : $b ilus. ; $c 15 cm. =650 ##$$a latihan ujian-SMP =990 ##$$a 21410222